[Event "World Senior chT-50 2019"]
[Site "Rhodes"]
[Date "2019.04.23"]
[Round "8.19"]
[White "Plaskett, H James"]
[Black "Hrisanthopoulos, Dimitrios"]
[Result "1/2-1/2"]
[WhiteElo "2437"]
[BlackElo "1995"]
[Annotator "ChessBase"]
[PlyCount "35"]
[EventDate "2019.04.16"]
[EventType "team-tourn"]
[EventCountry "GRE"]
[SourceTitle "playchess.com"]
[Source "ChessBase"]
[SourceQuality "1"]
[WhiteTeam "England"]
[BlackTeam "Greece"]
[WhiteTeamCountry "ENG"]
[BlackTeamCountry "GRE"]
[TimeControl "40/5400+30:1800+30"]

1. e4 {[%emt 0:04:11]} c5 {[%emt 0:00:00]} 2. Nc3 {[%emt 0:00:08]} Nc6 {[%emt 0:00:03]} 3. Bb5 {[%emt 0:00:15]} Nd4 {[%emt 0:00:21]} 4. Nf3 {[%emt 0:00:06]} a6 {[%emt 0:00:56]} 5. Bc4 {[%emt 0:02:07]} e6 {[%emt 0:03:01]} 6. d3 {[%emt 0:09:25]} b5 {[%emt 0:05:06]} 7. Bb3 {[%emt 0:00:11]} g6 {[%emt 0:00:21]} 8. Nxd4 {[%emt 0:01:40]} cxd4 {[%emt 0:00:16]} 9. Ne2 {[%emt 0:00:02]} Bg7 {[%emt 0:00:46]} 10. a4 {[%emt 0:00:10]} Bb7 {[%emt 0:01:46]} 11. O-O {[%emt 0:00:19]} Ne7 {[%emt 0:01:06]} 12. Bg5 {[%emt 0:00:31]} h6 {[%emt 0:02:11]} 13. Bf4 {[%emt 0:03:24]} d5 {[%emt 0:03:38]} 14. exd5 {[%emt 0:14:09]} Nxd5 {[%emt 0:01:11]} 15. Bd2 {[%emt 0:00:09]} O-O {[%emt 0:01:06]} 16. axb5 {[%emt 0:03:50]} axb5 {[%emt 0:00:23]} 17. Rxa8 {[%emt 0:00:19]} Bxa8 {[%emt 0:15:17]} 18. Nf4 {[%emt 0:15:05]} 1/2-1/2

[Event "World Senior chT-50 2019"]
[Site "Rhodes"]
[Date "2019.04.23"]
[Round "8.20"]
[White "Papadimitriou, Loukas"]
[Black "Ward, Chris G"]
[Result "1/2-1/2"]
[WhiteElo "1943"]
[BlackElo "2425"]
[Annotator "TA"]
[PlyCount "96"]
[EventDate "2019.04.16"]
[EventType "team-tourn"]
[EventCountry "GRE"]
[SourceTitle "playchess.com"]
[Source "ChessBase"]
[SourceQuality "1"]
[WhiteTeam "Greece"]
[BlackTeam "England"]
[WhiteTeamCountry "GRE"]
[BlackTeamCountry "ENG"]

{[%evp 11,96,40,52,41,26,1,1,15,18,8,7,-17,-24,-27,-12,-26,-1,1,39,10,8,0,-8,-1,30,15,19,4,18,0,0,-9,0,-4,0,0,0,0,0,0,0,-3,-7,0,-3,-3,0,-64,-40,-38,-7,-7,-7,-7,-4,-6,0,0,0,0,0,0,0,0,0,0,0,-10,-22,-31,-22,-57,0,-126,0,0,0,0,0,0,0,0,0,0,0,0,0]} 1. d4 Nf6 2. c4 e6 3. Nc3 Bb4 4. e3 b6 5. Nge2 Bb7 6. a3 Bd6 7. Ng3 {E44: Nimzo-Indian: Rubinstein: 4...b6 5 Ne2} h5 8. f3 h4 9. Nge4 Nxe4 10. Nxe4 Be7 11. Be2 $146 ({Predecessor:} 11. Nc3 f5 12. e4 O-O 13. exf5 exf5 14. Be2 Bf6 {1-0 (58) Onischuk,A (2688)-Perelshteyn,E (2528) Lubbock 2010}) 11... d5 12. cxd5 exd5 13. Nf2 Nd7 14. O-O Nf6 15. Qa4+ Qd7 16. Bb5 c6 17. Bd3 Kf8 18. Bd2 c5 19. Qxd7 Nxd7 20. Rac1 c4 21. Bf5 Nf6 {[%cal Bd7f6,Bf6h5,Bh5f4][%mdl 32]} 22. Rfe1 g6 23. Bb1 Kg7 24. e4 Rhe8 25. Bg5 (25. Bc2 {keeps more tension.} b5 26. e5 Nh5 27. f4 f5 28. a4) 25... Nh5 26. Bxe7 Rxe7 27. exd5 Rxe1+ 28. Rxe1 Bxd5 29. Re7 (29. Nd1 $11) 29... Kf8 30. Rc7 Nf4 31. Be4 Rd8 32. Bxd5 Rxd5 33. Rxc4 Rxd4 {[%mdl 64] [#] Decoy} 34. Rxd4 Ne2+ {[%mdl 64] Double Attack} 35. Kf1 Nxd4 $11 {[%mdl 4096] Endgame KN-KN} 36. Ke1 Ke7 37. Kd2 Ke6 38. Kd3 Kd5 39. Nh3 Ne6 40. g3 g5 41. Nf2 f5 (41... hxg3 $15 42. hxg3 Nd4) 42. Nd1 {[#]} (42. Nh3 $11 {remains equal.}) 42... f4 (42... hxg3 $1 $17 43. Ne3+ Ke5 44. hxg3 Nc5+ 45. Ke2 b5) 43. gxh4 {The position is equal.} gxh4 44. Nc3+ Ke5 {And now ...Nd4 would win.} 45. Ne2 Kd5 46. Nc3+ Ke5 {Threatens to win with ...Nd4.} 47. Ne2 Kd5 48. Nc3+ Ke5 {Accuracy: White = 61%, Black = 59%.} 1/2-1/2

[Event "World Senior chT-50 2019"]
[Site "Rhodes"]
[Date "2019.04.23"]
[Round "8.21"]
[White "Genta, Alejandro"]
[Black "Soffer, Ram"]
[Result "0-1"]
[WhiteElo "2054"]
[BlackElo "2486"]
[Annotator "TA"]
[PlyCount "46"]
[EventDate "2019.04.16"]
[EventType "team-tourn"]
[EventCountry "GRE"]
[SourceTitle "playchess.com"]
[Source "ChessBase"]
[SourceQuality "1"]
[WhiteTeam "Uruguay"]
[BlackTeam "Israel"]
[WhiteTeamCountry "URU"]
[BlackTeamCountry "ISR"]

{[%evp 13,46,-3,0,-15,-2,-60,-54,-52,-22,-58,-43,-61,-31,-69,-64,-73,-66,-77,-71,-88,-88,-90,-90,-113,-128,-202,-211,-288,-283,-332,-317,-293,-288,-504,-484]} 1. d4 Nf6 2. c4 e6 3. Nc3 Bb4 4. e3 b6 5. Nge2 Ba6 6. a3 Be7 7. Ng3 d5 8. b3 {E45: Nimzo-Indian: Rubinstein: 4...b6 5 Ne2 Ba6} (8. cxd5 Bxf1 9. Nxf1 exd5 10. Ng3 g6 11. b4 O-O 12. O-O Re8 13. Qb3 Nc6 14. Bb2 Qd7 15. Rac1 Nd8 16. Rfd1 {½-½ (25) Radovanovic,N (2394)-Kovacevic,A (2519) Veliko Gradiste 2016}) 8... c5 9. Be2 ({White should try} 9. dxc5 $11 dxc4 10. Qxd8+ (10. Bxc4 Qxd1+ 11. Kxd1 Bxc4 $15) 10... Bxd8 11. bxc4 (11. Bxc4 Bxc4 12. bxc4 Nbd7 $11)) 9... cxd4 $146 ({Predecessor:} 9... O-O 10. O-O Nbd7 11. Bb2 Rc8 12. cxd5 Bxe2 13. Ncxe2 exd5 14. dxc5 bxc5 15. Nf4 Nb6 {1-0 (70) Andreev,S (2125)-Manolov,V (2085) Sofia 2005}) 10. exd4 {Black is slightly better.} O-O 11. O-O Nc6 12. Be3 Rc8 13. cxd5 Bxe2 14. Ngxe2 Nxd5 15. Nxd5 Qxd5 16. Nf4 Qf5 17. Ra2 Rfd8 18. d5 exd5 19. g4 (19. Ne2 $17 {was worth a try.}) 19... Qd7 $19 20. Rd2 {[%cal Rf4d5]} d4 ({Less strong is} 20... Bxa3 21. Nxd5 Qe6 22. h3 $17) 21. Nh5 g6 22. Ng3 Bxa3 23. f4 $2 {[#]} (23. Bg5) 23... Bd6 {Accuracy: White =  9%, Black = 84%.} 0-1

[Event "World Senior chT-50 2019"]
[Site "Rhodes"]
[Date "2019.04.23"]
[Round "8.22"]
[White "Manor, Ilan"]
[Black "Braso, Jorge"]
[Result "1-0"]
[WhiteElo "2461"]
[BlackElo "2098"]
[Annotator "TA"]
[PlyCount "79"]
[EventDate "2019.04.16"]
[EventType "team-tourn"]
[EventCountry "GRE"]
[SourceTitle "playchess.com"]
[Source "ChessBase"]
[SourceQuality "1"]
[WhiteTeam "Israel"]
[BlackTeam "Uruguay"]
[WhiteTeamCountry "ISR"]
[BlackTeamCountry "URU"]

{[%evp 21,79,11,117,125,115,120,101,61,81,83,100,97,97,89,75,79,105,108,100,116,100,98,127,109,130,122,122,128,147,83,158,163,174,109,192,167,191,162,322,338,310,275,304,287,461,462,434,433,406,360,353,253,482,482,615,584,561,474,596,587]} 1. Nf3 d5 2. c4 e6 3. g3 Nf6 4. Bg2 Be7 5. b3 c5 6. Bb2 O-O 7. O-O Nc6 8. cxd5 exd5 9. d4 Ne4 10. Nc3 Bf6 11. Na4 b5 (11... Re8 $11 {keeps the balance.}) 12. Nxc5 $16 {D34: Tarrasch Defence: 6 g3 Nf6 7 Bg2 Be7} Nxc5 13. Rc1 {[%mdl 64] [#] Pin} Nxb3 14. axb3 {White is better.} (14. Rxc6 $6 Na5 $11) (14. Qxb3 {seems wilder.} Na5 15. Qxb5 Nc4 16. Bc3 a6 17. Qb3) (14. Qxb3 Na5 15. Qxb5 Be6 16. Bc3 Nc4 17. e3 Rb8 18. Qa4 Qb6 19. Nd2 Nxd2 20. Bxd2 {1-0 (38) Petriashvili,N (2343)-Arab,A (2482) Batumi 2018}) 14... Ne7 15. Rc5 $146 ({Predecessor:} 15. Ba3 Re8 16. Ne5 Nf5 17. e3 Be6 18. Nd3 a5 19. Bc5 Nd6 20. Bxd6 Qxd6 {1-0 (40) Bofill Mas,A (2344)-Garcia Pichon,E Catalunya 2014}) 15... b4 16. Qd2 a5 17. Rfc1 Be6 18. Ne5 Qb8 19. Nd3 Qb6 20. e3 Rfb8 21. Ra1 Rd8 22. h4 g6 23. Nf4 Bg7 24. Qe2 Ra7 25. Bf1 (25. Rb5 $142 Qa6 26. Nxe6 (26. Raxa5 Qxa5 27. Nxe6 fxe6 $16) 26... fxe6 27. Bf1 (27. Raxa5 Qxa5 28. Rxa5 Rxa5 $16)) 25... Bf8 ({Better is} 25... Bd7) 26. Rb5 Qc7 27. Bg2 (27. Nxe6 $18 fxe6 28. h5) 27... Rb8 (27... Bd7 $16) 28. Rc5 {[%cal Bb5c5,Bc5c6,Bc6e6][%mdl 32]} ({Stronger than} 28. Nxd5 Nxd5 29. Rxd5 (29. Bxd5 $2 Rxb5 30. Bxe6 fxe6 $19) 29... Rc8 $11) (28. Bxd5 Bg4 $16) 28... Qd8 29. h5 g5 $2 (29... Bf5 30. Bf3 (30. Bxd5 Nxd5 31. Rxd5 Bd7 $16) 30... Rc8) 30. Nxe6 $18 fxe6 31. Qg4 Nf5 32. Rc6 Ng7 $2 (32... Qd7 {was called for.}) 33. h6 Nf5 34. Rxe6 Nxh6 35. Qh5 Nf7 36. e4 Rd7 $2 (36... Nd6 37. e5 Ne4) 37. e5 {White is clearly winning.} Rb6 38. Rxb6 Qxb6 39. Re1 {[#] Hoping for e6.} Re7 40. Bxd5 {Accuracy: White = 75%, Black = 35%.} 1-0

[Event "World Senior chT-50 2019"]
[Site "Rhodes"]
[Date "2019.04.23"]
[Round "8.23"]
[White "Escofet, Jaime"]
[Black "Kaspi, Alexander"]
[Result "0-1"]
[WhiteElo "1970"]
[BlackElo "2452"]
[Annotator "TA"]
[PlyCount "64"]
[EventDate "2019.04.16"]
[EventType "team-tourn"]
[EventCountry "GRE"]
[SourceTitle "playchess.com"]
[Source "ChessBase"]
[SourceQuality "1"]
[WhiteTeam "Uruguay"]
[BlackTeam "Israel"]
[WhiteTeamCountry "URU"]
[BlackTeamCountry "ISR"]

{[%evp 9,64,28,29,27,20,18,22,-4,3,-5,-23,-13,0,-61,-62,-70,-56,-51,-46,-116,-126,-120,-132,-131,-122,-108,-113,-112,-120,-134,-119,-116,-125,-129,-92,-202,-194,-206,-199,-208,-214,-213,-210,-209,-205,-209,-201,-222,-241,-251,-245,-237,-216,-222,-206,-706,-697]} 1. d4 c5 2. Nf3 cxd4 3. Nxd4 Nf6 4. g3 a6 (4... d5 5. Bg2 e5 6. Nb3 Be6 7. O-O Be7 8. Bg5 Nbd7 9. Nc3 Rc8 10. e3 h6 11. Bxf6 Nxf6 12. Qe2 Qb6 13. Rfd1 e4 14. a4 {0-1 (29) Panchanathan,M (2494)-Vidit,S (2670) Reykjavik 2017}) 5. Bg2 e5 6. Nf3 $146 {A46: 1 d4 Nf6 2 Nf3 e6: Torre, London and Colle Systems} ({Predecessor:} 6. Nb3 h6 7. c4 Nc6 8. O-O d6 9. Nc3 Be6 10. Nd5 Nd7 11. e4 Be7 12. Be3 {0-1 (32) Tamas,K (1885)-Pagerka,M (2223) Liptovsky Mikulas 2011}) 6... Nc6 7. c4 Bb4+ 8. Nfd2 {The position is equal.} d5 9. cxd5 Nxd5 10. O-O Be6 11. e4 (11. Ne4 $11) 11... Nb6 $15 12. a3 Be7 13. Nc3 Nd4 14. Nf3 (14. f4 $15) 14... Bb3 $17 15. Qd2 Nc4 $36 {[%mdl 2048] Black is in control.} 16. Qd3 {[#]} Nc2 $1 17. Qxd8+ Rxd8 18. Rb1 O-O 19. Ne1 Nd4 20. Nd5 Bc5 21. Be3 Nxe3 22. fxe3 {[#]} (22. Nxe3 $17 f6 23. Nf3) 22... Bxd5 $1 $19 23. exd5 Nb3 24. Rd1 Bxe3+ 25. Kh1 {Black must now prevent Rf3.} Nd2 26. Rf5 Nc4 27. Nc2 g6 28. Rf3 Ba7 29. b3 Nd6 30. a4 f5 31. Na3 Rc8 32. Bf1 $2 (32. Rff1) 32... e4 {Accuracy: White = 56%, Black = 80%.} 0-1

[Event "World Senior chT-50 2019"]
[Site "Rhodes"]
[Date "2019.04.23"]
[Round "8.24"]
[White "Gruenfeld, Yehuda"]
[Black "Durante, Aurelio"]
[Result "1-0"]
[WhiteElo "2428"]
[BlackElo "1955"]
[Annotator "TA"]
[PlyCount "65"]
[EventDate "2019.04.16"]
[EventType "team-tourn"]
[EventCountry "GRE"]
[SourceTitle "playchess.com"]
[Source "ChessBase"]
[SourceQuality "1"]
[WhiteTeam "Israel"]
[BlackTeam "Uruguay"]
[WhiteTeamCountry "ISR"]
[BlackTeamCountry "URU"]

{[%evp 17,143,39,61,58,62,85,65,57,77,66,75,72,89,74,123,114,122,121,164,158,149,156,132,131,111,124,119,113,99,106,125,114,144,134,133,109,128,135,174,174,177,168,189,188,210,188,217,209,207,154,139,135,129,141,181,178,212,216,260,261,254,256,252,235,279,223,209,190,185,199,218,218,214,212,216,205,211,209,224,218,219,235,225,0,235,233,264,240,271,0,254,203,222,121,185,0,222,192,234,247,231,215,216,209,218,206,311,303,379,366,445,408,5942,5633,5509,874,872,853,29965,29970,29970,29971,29971,29972,29971,29972,4149,4149]} 1. e4 d5 2. exd5 Nf6 3. d4 Nxd5 4. Nf3 Bf5 5. Be2 e6 6. O-O Be7 7. a3 O-O 8. c4 Nb6 9. Nc3 N8d7 10. c5 {B01: Scandinavian Defence} (10. b4 Bf6 11. Be3 a5 12. Qb3 axb4 13. axb4 c6 14. Ra5 Qc7 15. Rfa1 Rxa5 16. Rxa5 h6 17. h3 Re8 18. Qa3 Nc8 19. c5 {½-½ (20) Kostin,A (2389)-Paveliev,A (2423) Sochi 2008}) 10... Nd5 11. Nxd5 exd5 12. Qb3 {White is slightly better.} b6 13. Qxd5 Be6 14. Qc6 bxc5 15. Bf4 {aiming for d5.} Nb6 $146 ({Predecessor:} 15... Qb8 16. d5 Bg4 17. h3 Bxf3 18. Bxf3 {1-0 (28) Hisler,T (2237)-Devriendt,J (1980) Belgium 2006}) 16. dxc5 Qd5 17. Qxc7 Bxc5 18. Rfd1 Rac8 19. Rxd5 Rxc7 20. Rd2 Rcc8 21. Ba6 Rcd8 22. Rad1 Rxd2 23. Rxd2 Nd5 24. Be5 Nb6 25. h3 Re8 26. Bd4 Be7 27. Rc2 Bd8 28. Bb5 Re7 29. Ne5 Bf5 30. Rc1 h6 31. Nc6 Rc7 32. Rc5 Bd7 33. a4 {Played: Nc6-e7} 1-0

[Event "World Senior chT-50 2019"]
[Site "Rhodes"]
[Date "2019.04.23"]
[Round "8.25"]
[White "Delaney, John"]
[Black "Lewis, Andrew P"]
[Result "1/2-1/2"]
[WhiteElo "2156"]
[BlackElo "2347"]
[Annotator "TA"]
[PlyCount "45"]
[EventDate "2019.04.16"]
[EventType "team-tourn"]
[EventCountry "GRE"]
[SourceTitle "playchess.com"]
[Source "ChessBase"]
[SourceQuality "1"]
[WhiteTeam "Ireland"]
[BlackTeam "England"]
[WhiteTeamCountry "IRL"]
[BlackTeamCountry "ENG"]

{[%evp 21,45,14,12,-20,-13,-45,-30,-43,-19,-50,-54,-58,-33,-38,-33,-45,-36,-34,-22,-42,-32,-55,-13,-68,-45,-75]} 1. e4 c5 2. Nf3 Nc6 3. d4 cxd4 4. Nxd4 e6 5. Nc3 Qc7 6. g3 a6 7. Bg2 d6 8. O-O Bd7 9. Re1 Be7 10. a4 Nf6 11. h3 O-O 12. g4 {B80: Sicilian Scheveningen: 6 g3 and 6 Be3, including English Attack} h6 13. g5 hxg5 14. Bxg5 {Black has an edge.} Rac8 {[#]} 15. Re3 $146 ({Predecessor:} 15. Kh1 Nxd4 16. Qxd4 e5 17. Qd2 Be6 18. Rad1 Rfd8 19. Bxf6 Bxf6 {½-½ (55) Spangenberg,H (2531)-Paz,V (2270) Mar del Plata 1999}) 15... Nxd4 16. Qxd4 Qc5 17. Qxc5 Rxc5 18. Bf4 e5 19. Bg5 Be6 20. Rd3 Rfc8 21. Rad1 Bf8 22. Bf3 (22. Bxf6 $11 gxf6 23. Bf1) 22... Nd7 $15 23. Bg4 {Accuracy: White = 16%, Black = 57%.} 1/2-1/2

[Event "World Senior chT-50 2019"]
[Site "Rhodes"]
[Date "2019.04.23"]
[Round "8.26"]
[White "Fraser-Mitchell, Jeremy N"]
[Black "Wallace, John Paul"]
[Result "0-1"]
[WhiteElo "2073"]
[BlackElo "2350"]
[Annotator "RC"]
[PlyCount "50"]
[EventDate "2019.04.16"]
[EventType "team-tourn"]
[EventCountry "GRE"]
[SourceTitle "playchess.com"]
[Source "ChessBase"]
[SourceQuality "1"]
[WhiteTeam "ENG"]
[BlackTeam "IRL"]
[WhiteTeamCountry "ENG"]
[BlackTeamCountry "AUS"]
[TimeControl "40/5400+30:1800+30"]

1. d4 {[%emt 0:00:41]} Nf6 {[%emt 0:00:00]} 2. c4 {[%emt 0:00:06]} g6 {[%emt 0:00:00]} 3. Nc3 {[%emt 0:00:04]} Bg7 {[%emt 0:00:00]} 4. e4 {[%emt 0:00:06]} d6 {[%emt 0:00:00]} 5. f3 {[%emt 0:00:03]} O-O {[%emt 0:00:06]} 6. Bg5 {[%emt 0:00:02]} c5 {[%emt 0:03:47]} 7. d5 {[%emt 0:00:06]} e6 {[%emt 0:00:12]} 8. Qd2 {[%emt 0:00:10]} Qa5 {[%emt 0:00:17]} 9. Nge2 {[%emt 0:04:34]} exd5 {[%emt 0:00:28]} 10. cxd5 {[%emt 0:00:16]} Bd7 {[%emt 0:05:36]} 11. Nc1 {[%emt 0:03:54]} b5 {[%emt 0:13:06]} 12. Be2 {[%emt 0:01:34]} c4 {[%emt 0:04:39]} 13. Nd1 {[%emt 0:11:08]} Qc7 {[%emt 0:03:10]} 14. O-O {[%emt 0:01:50]} Na6 {[%emt 0:01:26]} 15. a3 {[%emt 0:08:39]} Nc5 {[%emt 0:01:16]} 16. Rb1 {[%emt 0:12:46]} Rfc8 {[%emt 0:15:25]} 17. b3 {[%emt 0:14:35]} Nfxe4 {[%emt 0:09:02]} 18. fxe4 {[%emt 0:00:44]} Nxe4 {[%emt 0:00:06]} 19. Qf4 {[%emt 0:00:45]} Nxg5 {[%emt 0:04:14]} 20. Qxg5 {[%emt 0:00:26]} c3 {[%emt 0:06:08]} 21. Nxc3 {[%emt 0:02:42]} Qxc3 {[%emt 0:00:53]} 22. Nd3 {[%emt 0:02:26]} Qd4+ {[%emt 0:06:27]} 23. Kh1 {[%emt 0:00:02]} Rc2 {[%emt 0:05:33]} 24. Rf4 {[%emt 0:10:20]} Qe3 {[%emt 0:00:00]} 25. Bf1 {[%emt 0:00:58]} Bd4 {[%emt 0:00:00]} 0-1

[Event "World Senior chT-50 2019"]
[Site "Rhodes"]
[Date "2019.04.23"]
[Round "8.27"]
[White "MacElligott, Gerard"]
[Black "Jackson, Sheila"]
[Result "1/2-1/2"]
[WhiteElo "2025"]
[BlackElo "2051"]
[Annotator "NA RC"]
[PlyCount "38"]
[EventDate "2019.04.16"]
[EventType "team-tourn"]
[EventCountry "GRE"]
[SourceTitle "playchess.com"]
[Source "ChessBase"]
[SourceQuality "1"]
[WhiteTeam "Ireland"]
[BlackTeam "England"]
[WhiteTeamCountry "IRL"]
[BlackTeamCountry "ENG"]
[TimeControl "40/5400+30:1800+30"]

1. d4 {[%emt 4:26:36]} Nf6 {[%emt 0:00:06]} 2. c4 {[%emt 0:00:11]} e6 {[%emt 0:00:06]} 3. Nc3 {[%emt 0:00:33]} Bb4 {[%emt 0:01:38]} 4. Qc2 {[%emt 0:00:38]} c5 {[%emt 0:03:39]} 5. dxc5 {[%emt 0:01:46]} Bxc5 {[%emt 0:03:40]} 6. Nf3 {[%emt 0:02:52]} Qb6 {[%emt 0:10:57]} 7. e3 {[%emt 0:09:20]} Nc6 {[%emt 0:01:31]} 8. a3 {[%emt 0:01:27]} Be7 {[%emt 0:02:40]} 9. e4 {[%emt 0:05:48]} d6 {[%emt 0:03:24]} 10. Be3 {[%emt 0:04:36]} Qa5 {[%emt 0:03:42]} 11. h3 {[%emt 0:02:00]} O-O {[%emt 0:03:23]} 12. Be2 {[%emt 0:08:32]} d5 {[%emt 0:14:46]} 13. O-O {[%emt 0:01:09]} dxe4 {[%emt 0:10:51]} 14. Nxe4 {[%emt 0:00:23]} Nxe4 {[%emt 0:00:29]} 15. Qxe4 {[%emt 0:00:07]} f5 {[%emt 0:04:38]} 16. Qc2 {[%emt 0:00:54]} Bf6 {[%emt 0:06:09]} 17. Bd2 {[%emt 0:04:16]} Qc7 {[%emt 0:00:12]} 18. Bc3 {[%emt 0:00:25]} e5 {[%emt 0:03:08]} 19. Rfd1 {[%emt 0:04:13]} a5 {[%emt 0:00:36]} 1/2-1/2

[Event "World Senior chT-50 2019"]
[Site "Rhodes"]
[Date "2019.04.23"]
[Round "8.28"]
[White "Homer, Stephen J"]
[Black "Lyons, Brendan"]
[Result "1-0"]
[WhiteElo "2039"]
[BlackElo "1976"]
[Annotator "NA RC"]
[PlyCount "119"]
[EventDate "2019.04.16"]
[EventType "team-tourn"]
[EventCountry "GRE"]
[SourceTitle "playchess.com"]
[Source "ChessBase"]
[SourceQuality "1"]
[WhiteTeam "England"]
[BlackTeam "Ireland"]
[WhiteTeamCountry "ENG"]
[BlackTeamCountry "IRL"]
[TimeControl "40/5400+30:1800+30"]

1. e4 {[%emt 0:00:00]} d5 {[%emt 0:00:00]} 2. exd5 {[%emt 0:00:00]} Nf6 {[%emt 0:00:00]} 3. Bb5+ {[%emt 0:00:00]} Nbd7 {[%emt 0:00:00]} 4. d4 {[%emt 0:00:00]} a6 {[%emt 0:03:16]} 5. Be2 {[%emt 0:00:00]} Nb6 {[%emt 0:05:15]} 6. c4 {[%emt 0:01:31]} e6 {[%emt 0:00:32]} 7. dxe6 {[%emt 0:02:18]} Bxe6 {[%emt 0:01:03]} 8. d5 {[%emt 0:00:30]} Bf5 {[%emt 0:01:07]} 9. Nf3 {[%emt 0:00:43]} Bb4+ {[%emt 0:06:40]} 10. Bd2 {[%emt 0:01:21]} Qe7 {[%emt 0:08:41]} 11. O-O {[%emt 0:03:52]} Ne4 {[%emt 0:02:41]} 12. Bf4 {[%emt 0:05:00]} g5 {[%emt 0:07:31]} 13. Be3 {[%emt 0:12:02]} Nd7 {[%emt 0:11:12]} 14. Nbd2 {[%emt 0:07:57]} h6 {[%emt 0:24:12]} 15. Nxe4 {[%emt 0:03:52]} Bxe4 {[%emt 0:00:24]} 16. Bd4 {[%emt 0:04:22]} Rg8 {[%emt 0:02:29]} (16... O-O $16 17. a3 Bd6) 17. Bd3 {[%emt 0:03:35]} O-O-O {[%emt 0:01:25]} 18. a3 {[%emt 0:01:13]} g4 {[%emt 0:03:25]} 19. Ne1 {[%emt 0:03:40]} Bd6 {[%emt 0:04:49]} 20. Bxe4 {[%emt 0:05:15]} Qxe4 {[%emt 0:02:39]} 21. Qd3 {[%emt 0:00:25]} Qe7 {[%emt 0:03:00]} 22. b4 {[%emt 0:00:44]} Rg5 {[%emt 0:02:41]} 23. f4 {[%emt 0:02:08]} gxf3 {[%emt 0:01:38]} 24. Nxf3 {[%emt 0:00:06]} Rh5 {[%emt 0:01:40]} 25. Rae1 {[%emt 0:01:17]} Ne5 {[%emt 0:01:13]} 26. Bxe5 {[%emt 0:01:40]} Bxe5 {[%emt 0:00:12]} 27. Rxe5 {[%emt 0:00:49]} Rxe5 {[%emt 0:00:13]} 28. Nxe5 {[%emt 0:00:04]} Qxe5 {[%emt 0:01:08]} 29. Qf5+ {[%emt 0:00:18]} Qxf5 {[%emt 0:00:28]} 30. Rxf5 {[%emt 0:00:01]} c6 {[%emt 0:00:45]} 31. dxc6 {[%emt 0:00:12]} bxc6 {[%emt 0:00:12]} 32. Rf6 {[%emt 0:00:35]} Rd1+ {[%emt 0:00:26]} 33. Kf2 {[%emt 0:00:10]} Rd2+ {[%emt 0:00:08]} 34. Kg3 {[%emt 0:00:14]} Rd3+ {[%emt 0:00:43]} 35. Rf3 {[%emt 0:02:41]} Rd4 {[%emt 0:00:07]} 36. c5 {[%emt 0:00:06]} a5 {[%emt 0:00:13]} 37. Rf6 {[%emt 0:02:56]} axb4 {[%emt 0:01:20]} (37... Rd3+ $142 38. Kf4 Rxa3 39. Rxc6+ Kd7 40. Rd6+ (40. Rxh6 axb4 41. Rd6+ Ke7 $16) 40... Kc8 41. bxa5 (41. Rxh6 axb4 42. Rb6 Ra2 $16) 41... Rxa5 42. Rxh6 Rxc5) 38. axb4 {[%emt 0:00:11]} ({Weaker is} 38. Rxc6+ Kd7 $16) 38... Rxb4 {[%emt 0:02:45]} 39. Rxc6+ {[%emt 0:00:11]} Kd7 {[%emt 0:00:22]} 40. Rxh6 {[%emt 0:00:00]} Rc4 {[%emt 0:00:00]} 41. Rf6 {[%emt 0:03:01]} Ke7 {[%emt 0:00:35]} 42. Rf5 {[%emt 0:00:28]} Ke6 {[%emt 0:00:08]} 43. Rh5 {[%emt 0:00:19]} f5 {[%emt 0:00:16]} 44. Rh6+ {[%emt 0:01:12]} Ke5 {[%emt 0:02:12]} 45. c6 {[%emt 0:00:35]} Rc3+ {[%emt 0:03:01]} 46. Kh4 {[%emt 0:00:40]} Rc4+ {[%emt 0:08:14]} 47. Kh5 {[%emt 0:00:21]} Kf4 {[%emt 0:16:07]} 48. Rg6 {[%emt 0:01:19]} Rc2 {[%emt 0:03:08]} 49. Kh6 {[%emt 0:00:23]} Ke5 {[%emt 0:01:53]} 50. h4 {[%emt 0:01:16]} Rc4 {[%emt 0:01:14]} 51. h5 {[%emt 0:00:02]} Rh4 {[%emt 0:01:03]} 52. c7 {[%emt 0:00:01]} Rc4 {[%emt 0:00:06]} 53. Rg7 {[%emt 0:00:07]} Kf6 {[%emt 0:00:12]} 54. Kh7 {[%emt 0:02:10]} Rc2 {[%emt 0:01:11]} 55. Kg8 {[%emt 0:01:17]} f4 {[%emt 0:00:28]} 56. h6 {[%emt 0:00:23]} f3 {[%emt 0:00:14]} 57. gxf3 {[%emt 0:00:10]} Rc3 {[%emt 0:00:31]} 58. h7 {[%emt 0:00:13]} Re3 {[%emt 0:01:03]} 59. c8=Q {[%emt 0:01:42]} Re8+ {[%emt 0:00:02]} 60. Qxe8 {[%emt 0:00:12]} 1-0